Spirapril vléčbě mírné až středně těžké hypertenze. Jednoroční multicentrická česká a slovenská studie

Bibliographic Details
Main Authors: Widimský, Jiří, 1925-2020 (Author), Lánska, V. (Author), Hulinský, V. (Author)
Format: Article
Language:Slovak
PhysicalDescription:Graf 1
ISSN:0042-773X
Subjects:

MARC

LEADER 00000nab a2200000 a 4500
001 vtls000578667
003 SK-MaSNL
005 20260304085505.0
008 250425c1995 xo 0 slo
015 |a SNBRB19rr/mm-uuuuu 
035 |a CL0578805 
035 |a urn:nbn:sk:snk-abakeo 
035 |a (urnnbn)urn:nbn:sk:snk:ar-a0a0wu 
035 |a (uuid)999a4600-1129-4b1a-8839-05abb94b0ed4 
040 |a SNKBUCL  |b slo  |c SNKBUCL  |e AACR2 
041 0 |a slo  |b eng 
044 |a xo  |c SK 
080 |a 616.12-008.331.1:615.22  |2 1981 
080 |a 615.22  |2 1981 
100 1 |a Widimský, Jiří,  |d 1925-2020  |4 aut  |9 217750 
245 1 0 |a Spirapril vléčbě mírné až středně těžké hypertenze. Jednoroční multicentrická česká a slovenská studie  |c Jiří Widimský, V. Lánska, V. Hulinský 
300 |b Graf 1 
504 |a Bibliogr. odkazy 
546 |a Res. angl., češ. 
650 0 7 |a hypertenzia  |2 snkbucl  |9 2490 
650 0 7 |a spirapril  |2 snkbucl  |9 1293530 
655 7 |a články z novín a časopisov  |2 snkbucl  |9 267496 
700 1 |a Lánska, V.  |4 aut  |9 915845 
700 1 |a Hulinský, V.  |4 aut  |9 1324803 
773 0 |t Vnitřní lékařství  |g Roč. 41, č. 11 (1995), s. 744-752  |x 0042-773X 
850 |a Slovenská národná knižnica 
852 |a Slovenská národná knižnica 
954 |a odborná, vedecká literatúra cudzojazyčná (svetová)  |2 lita 
958 |a article14 
958 |a NB 
958 |a RK 
958 |a MI 
958 |a OND 
958 |a EUIPO 
992 |a RBX 
999 |c 2808258  |d 2810188